000
00273nam a22000977a 4500
008
240216b |||||||| |||| 00| 0 eng d
082
_a
DG EUR HERC2 EJ.1
100
1
0
_a
Hergé
_e
autor
_9
43430
245
_a
Las aventuras de Tintin:
_b
El centro de Ottokar /
_c
Hergé
942
_2
ddc
999
_c
30600
_d
16984